Pharmaceutical Technology-I (Record no. 13785)

MARC details
000 -LEADER
fixed length control field 00463nam a22001937a 4500
003 - CONTROL NUMBER IDENTIFIER
control field OSt
008 - FIXED-LENGTH DATA ELEMENTS--GENERAL INFORMATION
fixed length control field 260119b |||||||| |||| 00| 0 eng d
020 ## - INTERNATIONAL STANDARD BOOK NUMBER
International Standard Book Number 9789349057623
082 ## - DEWEY DECIMAL CLASSIFICATION NUMBER
Classification number 615.18 AGP
100 ## - MAIN ENTRY--PERSONAL NAME
Personal name Agarwal, Gaurav
245 ## - TITLE STATEMENT
Title Pharmaceutical Technology-I
250 ## - EDITION STATEMENT
Edition statement 2nd
260 ## - PUBLICATION, DISTRIBUTION, ETC. (IMPRINT)
Place of publication, distribution, etc N.Delhi
Name of publisher, distributor, etc CBS Pub.
Date of publication, distribution, etc 2023
300 ## - PHYSICAL DESCRIPTION
Extent 372
650 ## - SUBJECT ADDED ENTRY--TOPICAL TERM
Topical term or geographic name as entry element PHARMACEUTICALDOSAGE FORM
700 ## - ADDED ENTRY--PERSONAL NAME
Personal name Kaushik, Atul
700 ## - ADDED ENTRY--PERSONAL NAME
Personal name Narwal, Sonia
942 ## - ADDED ENTRY ELEMENTS (KOHA)
Source of classification or shelving scheme Dewey Decimal Classification
Koha item type Text Books
Holdings
Withdrawn status Lost status Source of classification or shelving scheme Damaged status Not for loan Collection code Home library Current library Date acquired Source of acquisition Currency Cost, normal purchase price Bill Number Total Checkouts Full call number Acc. no. / Barcode Date last seen Actual Cost, discounted price Bill Date Koha item type
    Dewey Decimal Classification     B.Pharma PIET C-LIBRARY PIET C-LIBRARY 10/01/2026 Zafaa Books Distributres Indian Rup 395.00 ZBD0374   615.18 AGP BP2823 19/01/2026 256.50 04/01/2026 Reference Books
    Dewey Decimal Classification     B.Pharma PIET C-LIBRARY PIET C-LIBRARY 10/01/2026 Zafaa Books Distributres Indian Rup 395.00 ZBD0374   615.18 AGP BP2824 19/01/2026 256.50 04/01/2026 Text Books
    Dewey Decimal Classification     B.Pharma PIET C-LIBRARY PIET C-LIBRARY 10/01/2026 Zafaa Books Distributres Indian Rup 395.00 ZBD0374   615.18 AGP BP2825 19/01/2026 256.50 04/01/2026 Text Books
    Dewey Decimal Classification     B.Pharma PIET C-LIBRARY PIET C-LIBRARY 10/01/2026 Zafaa Books Distributres Indian Rup 395.00 ZBD0374   615.18 AGP BP2826 19/01/2026 256.50 04/01/2026 Text Books
    Dewey Decimal Classification     B.Pharma PIET C-LIBRARY PIET C-LIBRARY 10/01/2026 Zafaa Books Distributres Indian Rup 395.00 ZBD0374   615.18 AGP BP2827 19/01/2026 256.50 04/01/2026 Text Books
    Dewey Decimal Classification     B.Pharma PIET C-LIBRARY PIET C-LIBRARY 10/01/2026 Zafaa Books Distributres Indian Rup 395.00 ZBD0374   615.18 AGP BP2828 19/01/2026 256.50 04/01/2026 Text Books
    Dewey Decimal Classification     B.Pharma PIET C-LIBRARY PIET C-LIBRARY 10/01/2026 Zafaa Books Distributres Indian Rup 395.00 ZBD0374   615.18 AGP BP2829 19/01/2026 256.50 04/01/2026 Text Books
    Dewey Decimal Classification     B.Pharma PIET C-LIBRARY PIET C-LIBRARY 10/01/2026 Zafaa Books Distributres Indian Rup 395.00 ZBD0374   615.18 AGP BP2830 19/01/2026 256.50 04/01/2026 Text Books
    Dewey Decimal Classification     B.Pharma PIET C-LIBRARY PIET C-LIBRARY 10/01/2026 Zafaa Books Distributres Indian Rup 395.00 ZBD0374   615.18 AGP BP2831 19/01/2026 256.50 04/01/2026 Text Books
    Dewey Decimal Classification     B.Pharma PIET C-LIBRARY PIET C-LIBRARY 10/01/2026 Zafaa Books Distributres Indian Rup 395.00 ZBD0374   615.18 AGP BP2832 19/01/2026 256.50 04/01/2026 Text Books

Design & Developed by: PIET Central Library
R70 Miles Stone Pattikalyana Samalkha Panipat 132102
mail ID :- [email protected], Phone No:- 0180-2569700 Ex.216